Old Testament prophesies fulfilled about Christ Part 2 Quiz Stats

 Plays Quiz not verified by Sporcle

Challenge
Share
Tweet
Embed
Score 0/8 Timer 02:00
0 Plays Today
% Correct
Matthew 13:10,11 - He replied, the knowledge of the secrets of the kingdom of heaven has been given to you but not to them
70%
Matthew 13:34-35 - Jesus spoke all these things to the crowd in parables; he did not say anything to them without using a parable
60%
Matthew 21:12 - Jesus overturned the tables of the moneychangers
50%
Matthew 21:12 - Jesus overturned the tables of the moneychangers
40%
Matthew 21:46 - they looked for a way to arrest him
40%
Matthew 21:2 - Go to the village ahead of you; and at once you will find a donkey tied there
20%
Matthew 21:6-7 - The disciples went and did as Jesus instructed; they brought the donkey and the colt
20%
Matthew 8:16 - When evening came, many demon possessed were brought to him and he drove out the spirits with a word and healed the sick
20%

You're not logged in!

Compare scores with friends on all Sporcle quizzes.
Join for Free
OR
Log In

You Might Also Like...

Show Comments

Extras

Top Quizzes Today


Score Distribution

Your Account Isn't Verified!

In order to create a playlist on Sporcle, you need to verify the email address you used during registration. Go to your Sporcle Settings to finish the process.

Report this User

Report this user for behavior that violates our Community Guidelines.

Details: